00909nam a22002177a 4500001000500000005001700005020001800022040003300040082001000073100001800083245001800101260003400119300004800153490003300201505000800234520033700242521002800579521002000607650003000627700003400657150920231002084317.0 a9789924341000 aFISKH beng cFISKH dFISKH  a959.6 aBrunon, Paul  aLes khmers /  aPhnom Penh : bSipar, c2020. a44 pages : bcolor illustrations ; c20 cm  aJe voudrais savoirvvolume 1 aZ'  a Same as ‘The Khmers Part 1, from 1st- 15th century’; however, written in French, describes significant historical events divided by reign, period from the early history of Cambodia (1st -15th century) including Khmer proto-history, Indianization, Chakravartin, Angkor city architect, relationship between neighboring countries. a1000 bLexile estimate  aZ' bRaz-Plus  aHistoryvReignxArchitect aMengcheang, Sunheng cAuthor